Nhận diện tham nhũng và các giải pháp phòng, chống tham nhũng ở Việt Nam hiện nay
Trình bày về cách nhận diện tham nhũng và các giải pháp phòng, chống tham nhũng ở Việt Nam hiện nay
Đã lưu trong:
| 主要作者: | |
|---|---|
| 格式: | 图书 |
| 语言: | Undetermined |
| 出版: |
Hà Nội
Chính trị Quốc gia
2008
|
| 主题: | |
| 标签: |
添加标签
没有标签, 成为第一个标记此记录!
|
| Thư viện lưu trữ: | Trung tâm Học liệu Trường Đại học Cần Thơ |
|---|
| LEADER | 00892nam a2200217Ia 4500 | ||
|---|---|---|---|
| 001 | CTU_148324 | ||
| 008 | 210402s9999 xx 000 0 und d | ||
| 020 | |c 36000 | ||
| 082 | |a 345.5970323 | ||
| 082 | |b S464 | ||
| 100 | |a Phan, Xuân Sơn | ||
| 245 | 0 | |a Nhận diện tham nhũng và các giải pháp phòng, chống tham nhũng ở Việt Nam hiện nay | |
| 245 | 0 | |c Phan Xuân Sơn, Phạm Thế Lực (đồng chủ biên) | |
| 260 | |a Hà Nội | ||
| 260 | |b Chính trị Quốc gia | ||
| 260 | |c 2008 | ||
| 520 | |a Trình bày về cách nhận diện tham nhũng và các giải pháp phòng, chống tham nhũng ở Việt Nam hiện nay | ||
| 650 | |a Criminal law,Corruption,Luật hình sự | ||
| 650 | |z Vietnam,Việt Nam | ||
| 904 | |i Nguyên | ||
| 980 | |a Trung tâm Học liệu Trường Đại học Cần Thơ | ||